000 00593nam a22001577a 4500
003 OSt
005 20151004101809.0
008 151004b xxu||||| |||| 00| 0 eng d
040 _cRUA
082 _aAVM គង់ 1989 B065 Or.1
100 _91987
_aគង់ សាក់
245 _aស្ថានភាពចំលងនិង មធ្យោបាយការពារជំងឺអុតក្តាមនៅក្នុងប្រទេសកម្ពុជា ខេត្តកណ្តាល
260 _aPhnom Penh
_bRUA
_c1989
300 _a79p.
_bill.
_c29cm.
942 _2ddc
_cAVM
999 _c1877
_d1877